00243nam a2200085Ia 4500008004100000041000800041100002200049245005500071260003100126241105s9999 xx 000 0 und d aeng aWadhavekar Renuka aLandscape Planning Proposal For A Township In Dehu bBNCA M Arch LA, Punec2016